| 000 | 00498cam a22001814a 4500 | ||
|---|---|---|---|
| 020 | _a0890799814 (soft cover : alk. paper) | ||
| 050 | 0 | 0 |
_aRC 428.5 _b.M49 2004 |
| 100 | 1 | _aMeyer, Susan Moon. | |
| 245 | 1 | 0 |
_aSurvival guide for the beginning speech-language clinician / _cSusan Moon Meyer. |
| 250 | _a2nd ed. | ||
| 260 |
_aAustin, Tex. : _bPro-Ed, _cc2004. |
||
| 300 | _a, 368 p. : | ||
| 650 | 0 | _xPractice. | |
| 650 | 1 | 2 | _xtherapy. |
| 650 | 2 | 2 | _xtherapy. |
| 650 | 2 | 2 | _xmethods. |
| 942 |
_2lcc _cGEN |
||
| 999 |
_c6163 _d6163 |
||